| 000 | 01527nam a2200241Ia 4500 | ||
|---|---|---|---|
| 005 | 20240117091507.0 | ||
| 008 | 130821s1935 ck fr fdspa | ||
| 040 |
_aCo-BoUCM _bspa _cSandra Yazo _dSandra Yazo |
||
| 041 | 0 | 0 | _aspa |
| 082 | 0 | 4 |
_a863.3 _220 |
| 092 | _aE52N047 | ||
| 100 | 1 |
_aRendón, Francisco de P. _d1855-1917 _9114812 |
|
| 245 | 1 | 0 |
_aInocencia. _cPor Francisco de P. Rendón |
| 260 |
_aBogotá (Colombia) _bEditorial Minerva S. A. _c1935 |
||
| 300 |
_a179, [1] páginas _c18 x 14 cm. |
||
| 490 | 0 |
_aBiblioteca Aldeana de Colombia _v13 |
|
| 500 | _aDetalles físicos: Sin encuadernación original. Actualmente: Encuadernación rígida (holandesa) en cartón forrado en papel jaspeado en tono azul. Lomo de tela, con letras y líneas decorativas en dorado. Cortes decorados (jaspeado azul). Guardas. Hoja de cortesía. Portada impresa en una sola tinta. Grabado con el emblema de la Colección. Texto impreso en una sola columna, con diferentes tipos y tamaños de letra. Notas de pie de página. Papel oxidado en bordes de las hojas. En la encuadernación (lomo) se indica una numeración (13). Colección Aldeana de Colombia es una selección de Samper Ortega de Literatura Colombiana. | ||
| 505 | 0 | _aD. Francisco de P. Rendón / Hortensia Ceballos de Moreno ; Inocencia: Capítulos I a XX ; Lenguas y Corazones. | |
| 506 | _aConsulta en sala | ||
| 650 | 7 |
_aNovela colombiana _920483 _ySiglo XIX - XX |
|
| 690 |
_aLiteratura colombiana _918629 |
||
| 942 |
_cLIBRO _a18 _e1 _kC _2LOCAL _hE52N047 _n0 |
||
| 999 |
_c323347 _d323347 |
||